000 00369cam a22001217a 4500
008 180718b1991 xxu||||| |||| 00| 0 eng d
082 _aAPPPA 90-91 BHA
100 _aBhatta, Aruna
245 _aTax deduction at source: a perspective
_cby Aruna Bhatta
260 _aNew Delhi
_bIndian Instiute of Public Administration
_c1991
300 _a114p.
650 _aTax deduction
999 _c501555
_d501555